Writing for children /

Bibliographic Details
Main Author: Wilson, Barbara Ker, 1929-
Format: Book
Language:English
Published: New York : F. Watts, [1961]
Subjects:

MARC

Tag First Indicator Second Indicator Subfields
LEADER 00000cam a2200000 4500
001 in00000036503
005 20151007060905.0
008 751106c19611960nyua 00000 eng c
010 |a  61011336  
035 |a (OCoLC)01812384 
035 |9 AAD0494AM 
040 |a NN  |c JPL  |d TXA  |d UtOrBLW 
049 |a TXAM  |c [337721] 
050 0 |a PN1009.A1  |b W54 1961 
092 |a 808.068  |b W746w 
100 1 |a Wilson, Barbara Ker,  |d 1929- 
245 1 0 |a Writing for children /  |c an English author and editor's point of view. 
264 1 |a New York :  |b F. Watts,  |c [1961] 
264 4 |c [©1960] 
300 |a 128 pages :  |b illustrations ;  |c 22 cm. 
336 |a text  |b txt  |2 rdacontent 
337 |a unmediated  |b n  |2 rdamedia 
338 |a volume  |b nc  |2 rdacarrier 
650 0 |a Children's literature  |x History and criticism. 
650 0 |a Authorship. 
999 |a MARS 
999 f f |s 447ea5d6-762a-3b73-bfae-9d8d4d4e82e0  |i bf27ed21-a92e-35d8-b43c-fba66d140ca5  |t 0 
952 f f |p ric  |a Texas A&M University  |b Rellis Campus  |c Joint Library Facility  |d Remote Storage  |t 0  |e PN1009.A1 W54 1961  |h Library of Congress classification  |i unmediated -- volume  |m A14801195952 
998 f f |a PN1009.A1 W54 1961  |t 0  |l Remote Storage